JToH- Ring Three Towers - Statistics

General Stats
  • This quiz has been taken 102 times
    86 since last reset
  • The average score is 10 of 12
Answer Stats
Tower name Abbreviation Difficulty % Correct
Tower of Funny Thoughts ToFT Easy
92%
Tower of Fatness ToF Hard
89%
Tower of Winning Every Run ToWER Hard
89%
Tower of Inverted Colours ToIC Medium
85%
Tower of Confusion ToC Extreme
84%
Tower of Ancient Trickery ToAT Medium
81%
Tower of Deep Sighing ToDS Medium
81%
Tower of Despair ToD Difficult
79%
Tower of Wall Hugging ToWH Difficult
79%
Tower of Lotsa Damage ToLD Difficult
77%
Citadel of Heights and Depths CoHaD Intense
75%
Tower of Slight Inconvenience ToSI Hard
70%
No matching quizzes found
Score Distribution
Percent of People with Each Score
Percentile by Number Answered
Your Score History
You have not taken this quiz since the last reset